| 000 | 00895nam a22002537a 4500 | ||
|---|---|---|---|
| 001 | BR2024004439 | ||
| 003 | BR-BrBNA | ||
| 005 | 20250106144930.0 | ||
| 008 | 250106b bl.||||| |||| 00| 0 por d | ||
| 040 |
_aBR-BrBNA _bpor |
||
| 041 | _apor | ||
| 072 | _aF02 | ||
| 090 |
_aF02 _bBR2024004439 |
||
| 100 | 0 |
_4aut. _aFonseca da Ribeiro Oliveira Olympio _qOlympio Oliveira Ribeiro da Fonseca |
|
| 110 |
_4aut. _aInstituto Oswaldo Cruz, |
||
| 245 | _aEstudos Sobre os Flagellados Parasitos dos Mammiferos do Brazil / | ||
| 260 |
_aRio de Janeiro RJ (Brasil) : _bThypographia Leuzinger, _c1915. |
||
| 300 | _a150 p. | ||
| 520 | _ainvestigação de protozoários flagelados parasitas de mamíferos brasileiros, ciclos de vida e impacto patológico, e o estudo de doenças tropicais. | ||
| 650 | _aParasito | ||
| 650 | _aParasito de Animal | ||
| 909 |
_a012025 _bMartins |
||
| 942 | _cBK | ||
| 999 |
_c329507 _d329507 |
||